Fragmentos y testimonios

Đã lưu trong:
Chi tiết về thư mục
Tác giả chính: Protágoras (Tác giả)
Định dạng: Sách
Ngôn ngữ:Tiếng Tây Ban Nha
Được phát hành: Buenos Aires Aguilar 1977
Phiên bản:3a. ed
Loạt:Iniciación filosófica
Những chủ đề:
Các nhãn: Thêm thẻ
Không có thẻ, Là người đầu tiên thẻ bản ghi này!

MARC

LEADER 00000nam a2200000 a 4500
001 UCY5856
003 CL-VaPUC
008 950512e19770000AG |||||||||||||||||spa|d
082 0 4 |a 183.1  |b PRO  |2 21 
100 0 |a Protágoras  |e author  |9 335222 
245 1 0 |a Fragmentos y testimonios 
250 |a 3a. ed 
300 |a 112 p 
942 |c BK 
945 |d 19950512 00:00:00  |a oaravena 
260 |a Buenos Aires  |b Aguilar  |c 1977 
600 0 7 |a PROTAGORAS  |2 CL-VaPUC  |9 335223 
650 0 |a Filosofía antigua   |9 255705 
650 7 |a FRAGMENTOS FILOSOFICOS  |2 CL-VaPUC  |9 335224 
650 7 |a FILOSOFIA POLITICA  |2 CL-VaPUC  |9 335225 
650 7 |a SOFISMO  |2 CL-VaPUC  |9 335226 
650 0 |a Filosofía del espíritu  |9 320175 
651 0 |a Grecia  |9 265314 
583 |a last modification  |c 19950512 00:00:00  |k Rodrigo Vera 
490 0 |a Iniciación filosófica 
999 |c 233463  |d 233461 
952 |0 0  |1 0  |4 0  |6 183_100000000000000_PRO_1977  |7 0  |8 A  |9 239009  |a BIBEDU  |b BIBEDU  |d 2019-11-18  |i 1501119  |o 183.1 PRO 1977  |p 1501119  |r 2019-11-18  |w 2019-11-18  |y BK  |k FIL 
952 |0 0  |1 0  |4 0  |6 183_100000000000000_PRO_1977  |7 0  |8 A  |9 239010  |a BIBEDU  |b BIBEDU  |d 2019-11-18  |i 1506439  |o 183.1 PRO 1977  |p 1506439  |r 2019-11-18  |w 2019-11-18  |y BK  |k FIL 
952 |0 0  |1 0  |4 0  |6 183_100000000000000_PRO_1977  |7 0  |8 A  |9 239011  |a BIBEDU  |b BIBEDU  |d 2019-11-18  |i 1563696  |o 183.1 PRO 1977  |p 1563696  |r 2019-11-18  |w 2019-11-18  |y BK  |k FIL